01184 2200385 4500001002100000005001500021035002000036007000300056040001700059100003700076245018800113250001200301300003300313504002600346020001800372041000800390082000800398084001400406090001900420264003900439336002100478337003000499338002300529650001400552700004500566850001000611008004100621990002200662990002200684990002200706990002200728990001600750990001600766990001600782INLIS00000000000625620260418112931 a0010-0322000500ta aSBPUPADbind0 aLydia Harlina MartonoePengarang1 aMembantu Pemulihan Pecandu Narkoba dan Keluarganya :bPedoman Bagi Konselor Adiksi di Masyarakat dan Bagi Setiap Orang Yang Peduli dan Terlatih /cLydia Harlina Martono, Satya Joewana a.-Cet.1 av, 158 hlm. :bilus. ;c25cm aBibliografi, hlm 158 a979-690-323-70 aind a360 a360 LYD m a360 LYD m 13-2 a.--Jakarta :bBalai Pustaka,c2005 2rdacontentaTeks 2rdamediaaTanpa Perantara 2rdacarrieravolume 4aNarkotika0 apengarang ke-2, Satya JoewanaePengarang aPUPAD260418 0  a1558/H/ARPUS/2007 a1558/H/ARPUS/2007 a26.207/H/DPK/2018 a26.206/H/DPK/2018 a00000039648 a00000039649 a00000039650